[Event "L'Echiquier Grenoblois - Maitres 2006"]
[Site "Grenoble"]
[Date "2006.??.??"]
[Round "1.1"]
[White "Foisor, Cristina Adela"]
[Black "Rodrigues, Emmanuel"]
[Result "1-0"]
[WhiteElo "2392"]
[BlackElo "2141"]
[PlyCount "123"]

1. c4 Nc6 2. g3 e5 3. Bg2 f5 4. Nc3 Nf6 5. d3 Bb4 6. Bd2 O-O 7. a3 Bxc3 8. Bxc3
d6 9. b4 Qe8 10. e3 f4 11. e4 Qg6 12. Bf3 Ng4 13. Ra2 Be6 14. h3 Nh6 15. g4 b5
16. Rc2 bxc4 17. b5 Nd8 18. Bb2 Nb7 19. dxc4 Nc5 20. Ne2 Nf7 21. h4 Bxg4 22.
Nc3 Bxf3 23. Qxf3 Nd8 24. Nd5 Qxe4+ 25. Qxe4 Nxe4 26. Nxc7 Rc8 27. Nd5 Kf7 28.
Rh3 Nf6 29. Nb4 Ke6 30. a4 Rf7 31. Na6 Nb7 32. Ba3 e4 33. Rhc3 Nd7 34. c5 Ndxc5
35. Bxc5 Nxc5 36. Nxc5+ Rxc5 37. Rxc5 dxc5 38. Rxc5 Rd7 39. Rc6+ Rd6 40. Rc4
Kd5 41. Rc7 a6 42. Rxg7 axb5 43. axb5 h6 44. Rb7 Rg6 45. Kf1 f3 46. Rd7+ Kc5
47. Re7 Kd4 48. Rd7+ Ke5 49. Rd1 Rb6 50. Rb1 h5 51. Ke1 Kf4 52. Rb4 Ke5 53. Rb2
Kf4 54. Rb3 Kg4 55. Rb4 Kxh4 56. Rxe4+ Kg5 57. Rb4 Kf5 58. Kd2 Re6 59. b6 Re2+
60. Kd3 Rxf2 61. b7 Rg2 62. b8=Q 1-0

[Event "L'Echiquier Grenoblois - Maitres 2006"]
[Site "Grenoble"]
[Date "2006.??.??"]
[Round "1.2"]
[White "Vernay, Clovis"]
[Black "Foisor, Ovidiu Doru"]
[Result "1/2-1/2"]
[WhiteElo "2293"]
[BlackElo "2409"]
[Annotator "O. Foisor"]
[PlyCount "73"]

1. d4 g6 2. c4 Bg7 3. e4 d6 4. Nc3 e5 5. Nf3 Nc6 6. Bg5 f6 7. Be3 Nh6 8. h3 Nf7
9. c5 exd4 10. Nxd4 Nxd4 11. Bxd4 Be6 12. Qa4+ c6 13. Rd1 O-O 14. Be2 Qc7 15.
O-O 15... b6 $6 (15... dxc5 16. Bxc5 Rfe8 17. f4 17... b6 $13) 16. cxb6 axb6
17. Qc2 Qb7 (17... b5 18. Nxb5 Qb7 19. Nc3 Bxa2 20. Nxa2 Rxa2 21. Bc4 $16) 18.
a4 f5 19. Bxg7 Kxg7 20. f4 Qe7 21. Bf3 Rac8 22. Qf2 (22. Rfe1 $16) 22... fxe4
23. Nxe4 c5 24. b4 $6 (24. Nc3 Nh6 (24... Qf6 25. Bd5) 25. Bd5) 24... d5 $1
$132 25. Qb2+ d4 26. a5 Bf5 27. axb6 (27. Rfe1 Bxe4 28. Rxe4 Qf6) 27... Bxe4
28. Rfe1 Qf6 29. Bxe4 Qxb6 30. Qd2 Qxb4 31. Qxb4 cxb4 32. Rxd4 Rb8 33. Rb1 b3
34. Rb2 Rfd8 35. Rxd8 Nxd8 36. Bd5 36... Rb5 $11 37. Bc4 1/2-1/2

[Event "L'Echiquier Grenoblois - Maitres 2006"]
[Site "Grenoble"]
[Date "2006.??.??"]
[Round "1.3"]
[White "Delorme, Axel"]
[Black "Olivier, Jean-Christophe"]
[Result "0-1"]
[WhiteElo "2252"]
[BlackElo "2389"]
[PlyCount "156"]

1. e4 e5 2. Nf3 Nc6 3. d4 exd4 4. Nxd4 Bc5 5. Nxc6 Qf6 6. Qf3 Qxf3 7. gxf3 bxc6
8. Nd2 Ne7 9. Nb3 Bb6 10. a4 a5 11. Be3 Bxe3 12. fxe3 d6 13. Nd4 O-O 14. O-O-O
f5 15. e5 dxe5 16. Bc4+ Kh8 17. Nb3 f4 18. e4 Bh3 19. Bf1 Bxf1 20. Rhxf1 Nc8
21. Rd7 Ra7 22. Nc5 Re8 23. Rg1 g6 24. h4 Kg8 25. h5 Nb6 26. Rd2 Kf7 27. Rdg2
Rg8 28. Rg5 Kf6 29. Nd3 Nd7 30. b3 Raa8 31. Nb2 Nb6 32. Nd3 Rae8 33. Nc5 Rg7
34. Nd3 Nd7 35. Nb2 Nb6 36. Nd3 Ree7 37. h6 Rgf7 38. Nc5 Rf8 39. Nb7 Ra8 40.
Nc5 Nd7 41. Nd3 Nb6 42. R1g2 Nc8 43. R5g4 Nd6 44. Rh4 Rd7 45. Nf2 Nf7 46. Ng4+
Ke6 47. Rh1 Rad8 48. Rf1 Rd6 49. c3 c5 50. Kc2 Rb8 51. Rd2 Rxd2+ 52. Kxd2 Rxb3
53. Kc2 Rb8 54. Rd1 c6 55. Nf2 c4 56. Rg1 Nxh6 57. Rh1 Nf7 58. Rxh7 Rh8 59.
Rxh8 Nxh8 60. Nd1 Nf7 61. Kd2 Nd6 62. Nb2 Kf6 63. Ke2 Kg5 64. Kf1 Kh4 65. Kg2
g5 66. Nd1 Nc8 67. Nf2 Nb6 68. Ng4 Nxa4 69. Nxe5 Nxc3 70. Nxc4 a4 71. e5 Kh5
72. Kh3 Nb5 73. Na5 a3 74. Nb3 a2 75. e6 Kg6 76. Kg4 Nd4 77. e7 Kf7 78. Na1 Ne6
0-1

[Event "L'Echiquier Grenoblois - Maitres 2006"]
[Site "Grenoble"]
[Date "2006.??.??"]
[Round "1.4"]
[White "Rrhioua, Tarik"]
[Black "Asanov, Timur"]
[Result "0-1"]
[WhiteElo "2330"]
[BlackElo "2381"]
[PlyCount "100"]

1. Nf3 d5 2. b3 Bg4 3. Bb2 Bxf3 4. gxf3 Nc6 5. e3 Qd6 6. f4 e5 7. fxe5 Nxe5 8.
Qh5 Nd7 9. Nc3 Ngf6 10. Qf5 g6 11. Qf3 c6 12. Bh3 Bg7 13. Qg3 Qe7 14. Qc7 O-O
15. Qxb7 d4 16. Ne2 Rfb8 17. Qxc6 Ne5 18. Qg2 d3 19. Bxe5 Qxe5 20. Nd4 Nd5 21.
c3 Nf4 22. Qg3 Qd5 23. f3 Nxh3 24. Qxh3 Bxd4 25. cxd4 Rc8 26. O-O Rc2 27. Rf2
Qa5 28. Qf1 Rxd2 29. Rxd2 Qxd2 30. Qf2 Qa5 31. Rd1 Qg5+ 32. Kf1 Rc8 33. Re1 Qb5
34. Rd1 Rc2 35. Qg3 Rxa2 36. Qe5 Qb7 37. Qe8+ Kg7 38. Qe5+ f6 39. Qe4 Qd7 40.
Qg4 Qb5 41. Qe6 Rxh2 42. Qe7+ Kh6 43. Qf8+ Kh5 44. Qd6 d2+ 45. Kg1 Rg2+ 46.
Kxg2 Qe2+ 47. Kg3 Qxd1 48. Qxf6 Qg1+ 49. Kh3 Qg5 50. Qf7 Qf5+ 0-1

[Event "L'Echiquier Grenoblois - Maitres 2006"]
[Site "Grenoble"]
[Date "2006.??.??"]
[Round "1.5"]
[White "Aguettaz, Maxime"]
[Black "Bijaoui, Manuel"]
[Result "1-0"]
[WhiteElo "2327"]
[BlackElo "2344"]
[PlyCount "61"]

1. Nf3 Nf6 2. g3 g6 3. Bg2 Bg7 4. O-O O-O 5. c4 d6 6. Nc3 Nc6 7. Rb1 a5 8. a3
e5 9. d3 h6 10. b4 axb4 11. axb4 Be6 12. e4 Nd7 13. Nd5 Ne7 14. d4 Bg4 15. Bb2
Nc6 16. dxe5 Ndxe5 17. Ne3 Bxf3 18. Bxf3 Ra2 19. Bg2 Qa8 20. b5 Ne7 21. b6 cxb6
22. Kh1 Qa5 23. f4 N5c6 24. Bxg7 Kxg7 25. f5 Nc8 26. fxg6 fxg6 27. Rxf8 Kxf8
28. Qf3+ Ke8 29. Rf1 Kd7 30. Nd5 Ne5 31. Qf8 1-0

[Event "L'Echiquier Grenoblois - Maitres 2006"]
[Site "Grenoble"]
[Date "2006.??.??"]
[Round "2.1"]
[White "Rodrigues, Emmanuel"]
[Black "Bijaoui, Manuel"]
[Result "1-0"]
[WhiteElo "2141"]
[BlackElo "2344"]
[PlyCount "115"]

1. e4 c5 2. Nf3 d6 3. d4 cxd4 4. Nxd4 Nf6 5. Nc3 a6 6. Bg5 e6 7. f4 Nbd7 8. Qf3
h6 9. Bh4 Qc7 10. O-O-O Be7 11. Be2 Rb8 12. Qg3 b5 13. e5 g5 14. Nxe6 fxe6 15.
exf6 Nxf6 16. fxg5 hxg5 17. Bxg5 Rg8 18. Qh4 b4 19. Bh5+ Nxh5 20. Qxh5+ Kd8 21.
Bxe7+ Qxe7 22. Ne4 d5 23. Rhf1 Rf8 24. Qe5 Rb6 25. Rxf8+ Qxf8 26. Ng5 Rc6 27.
Nf3 Bd7 28. Qb8+ Rc8 29. Qb6+ Ke8 30. Qe3 Qd6 31. Re1 Rc4 32. Qd3 Qf4+ 33. Kb1
Re4 34. Qd1 Bc6 35. Nd2 Rd4 36. Qh5+ Ke7 37. Nf3 Re4 38. Rxe4 dxe4 39. Qh4+
Qxh4 40. Nxh4 Kf6 41. Kc1 Kg5 42. g3 Kg4 43. Kd2 Kh3 44. Ng6 Kxh2 45. Ne5 Bd5
46. g4 Kg3 47. g5 Kf2 48. Ng4+ Kg3 49. Ne3 Bc6 50. g6 Be8 51. g7 Bf7 52. a3
bxa3 53. bxa3 Kf4 54. c4 Kg5 55. c5 Kf6 56. c6 Ke7 57. Ng4 e5 58. c7 1-0

[Event "L'Echiquier Grenoblois - Maitres 2006"]
[Site "Grenoble"]
[Date "2006.??.??"]
[Round "2.2"]
[White "Asanov, Timur"]
[Black "Aguettaz, Maxime"]
[Result "1-0"]
[WhiteElo "2381"]
[BlackElo "2327"]
[Annotator "M. Aguettaz"]
[PlyCount "59"]

1. Nf3 Nf6 2. g3 b5 3. a4 b4 4. Bg2 Bb7 5. O-O e6 6. d4 c5 7. c3 a5 8. Nbd2 d5
9. c4 Nbd7 10. cxd5 Bxd5 11. Re1 cxd4 12. Nxd4 Bxg2 13. Kxg2 Rc8 14. Nb5 Be7
15. Nb3 O-O 16. Be3 Rc4 17. f3 Qa8 18. Rc1 Ne5 19. Bd4 Rd8 20. Rxc4 Nxc4 21.
Qc1 21... Rc8 $2 22. Na7 $1 22... Rc7 23. Bb6 (23. Nxa5 Rxa7 24. Nxc4 $18)
23... Nxb6 24. Qxc7 Nfd5 25. Qc6 Qxa7 (25... Ne3+ $1) 26. e4 Nf6 27. Qb5 $16
27... Nfd7 28. Nxa5 Bf6 29. e5 Nxe5 30. Qe8# 1-0

[Event "L'Echiquier Grenoblois - Maitres 2006"]
[Site "Grenoble"]
[Date "2006.??.??"]
[Round "2.3"]
[White "Olivier, Jean-Christophe"]
[Black "Rrhioua, Tarik"]
[Result "1-0"]
[WhiteElo "2389"]
[BlackElo "2330"]
[PlyCount "55"]

1. e4 e6 2. d4 d5 3. Nc3 Bb4 4. e5 c5 5. a3 Ba5 6. Qg4 Ne7 7. dxc5 Bxc3+ 8.
bxc3 Qc7 9. Qxg7 Rg8 10. Qxh7 Qxe5+ 11. Ne2 Qc7 12. c4 dxc4 13. Bb2 Qa5+ 14.
Nc3 Nd7 15. Bxc4 Nxc5 16. Bb5+ Bd7 17. Bxd7+ Nxd7 18. O-O-O Nf6 19. Qd3 Nfd5
20. Nxd5 Nxd5 21. g3 O-O-O 22. h4 Kb8 23. h5 Nf4 24. Qf3 Rxd1+ 25. Rxd1 Nxh5
26. Qxf7 Rc8 27. Qxe6 Qc5 28. Qe5+ 1-0

[Event "L'Echiquier Grenoblois - Maitres 2006"]
[Site "Grenoble"]
[Date "2006.??.??"]
[Round "2.4"]
[White "Foisor, Ovidiu Doru"]
[Black "Delorme, Axel"]
[Result "1-0"]
[WhiteElo "2409"]
[BlackElo "2252"]
[Annotator "O. Foisor"]
[PlyCount "85"]

1. c4 c6 2. Nc3 d5 3. e3 Nf6 4. Nf3 a6 5. d4 b5 6. b3 Bg4 7. Be2 e6 8. h3 Bh5
9. O-O Nbd7 10. Bb2 Bd6 11. Ne5 Bxe2 12. Nxe2 Qc7 13. cxd5 cxd5 14. Rc1 Qb8 15.
Nxd7 Nxd7 16. e4 dxe4 17. d5 O-O 18. dxe6 Nc5 19. Nf4 Bxf4 20. Rxc5 fxe6 21.
Qd7 Qa7 22. Qxe6+ Kh8 23. Bd4 Qb7 24. Re1 Rae8 25. Qc6 $6 (25. Rf5 Rg8 26. Rf7)
25... Qe7 26. Rd5 26... e3 $1 27. Bxe3 Rc8 (27... Qe4 $5 28. Qc5) 28. Qd7 Qb4
29. Re2 Bxe3 (29... Rc2 30. Rdd2 (30. Qg4 $5) 30... Rc1+ 31. Rd1 Bxe3 32. Rxe3
Rc2 33. Rg3) 30. Rxe3 Rc1+ 31. Kh2 Qf4+ 32. Rg3 Rc7 33. Qd6 $1 33... h6 (33...
g6 $142) 34. Qxf4 Rxf4 35. f3 Rff7 (35... Rf6 $142) 36. Rg6 $18 36... Rc2 37.
Rxa6 Rxf3 38. Rxb5 Kh7 39. Ra4 g5 40. Ra7+ Kg6 41. Ra6+ Kh5 42. Rbb6 g4 43.
Rb5+ 1-0

[Event "L'Echiquier Grenoblois - Maitres 2006"]
[Site "Grenoble"]
[Date "2006.??.??"]
[Round "3.1"]
[White "Vernay, Clovis"]
[Black "Rodrigues, Emmanuel"]
[Result "1-0"]
[WhiteElo "2293"]
[BlackElo "2141"]
[PlyCount "57"]

1. d4 d5 2. c4 Nc6 3. Nf3 Bg4 4. cxd5 Bxf3 5. gxf3 Qxd5 6. e3 e5 7. Nc3 Bb4 8.
Bd2 Bxc3 9. bxc3 Qd6 10. Rg1 Nge7 11. f4 exf4 12. e4 O-O 13. e5 Qe6 14. Qg4 Ng6
15. Bd3 f5 16. Qe2 Ncxe5 17. dxe5 Nxe5 18. O-O-O Qxa2 19. Rxg7+ Kh8 20. Rxh7+
Kxh7 21. Qh5+ Kg7 22. Rg1+ Kf6 23. Qxf5+ Ke7 24. Qxe5+ Kd8 25. Bxf4 Qa3+ 26.
Kd2 Qb2+ 27. Bc2 Qb6 28. Kc1 a5 29. Bf5 1-0

[Event "L'Echiquier Grenoblois - Maitres 2006"]
[Site "Grenoble"]
[Date "2006.??.??"]
[Round "3.2"]
[White "Delorme, Axel"]
[Black "Foisor, Cristina Adela"]
[Result "1/2-1/2"]
[WhiteElo "2252"]
[BlackElo "2392"]
[PlyCount "91"]

1. e4 c5 2. Nf3 a6 3. c3 g6 4. d4 cxd4 5. cxd4 d5 6. exd5 Nf6 7. Qa4+ Nbd7 8.
Nc3 Bg7 9. Ne5 O-O 10. Qb3 Nb6 11. a4 Nbxd5 12. Bc4 Be6 13. O-O Nxc3 14. bxc3
Bxc4 15. Nxc4 Nd5 16. Ne3 e6 17. Ba3 Re8 18. Nxd5 Qxd5 19. Qxd5 exd5 20. Rfb1
Rac8 21. Bc5 Rc7 22. Rb3 Bf8 23. Bxf8 Kxf8 24. Kf1 Ree7 25. Re1 Ke8 26. Re2 Kd8
27. Ke1 Kc8 28. Rxe7 Rxe7+ 29. Kd2 Kc7 30. Rb1 Re6 31. Kd3 Kc6 32. f3 h5 33. h4
Kc7 34. g4 Rf6 35. Ke3 Kc6 36. Rg1 hxg4 37. fxg4 b5 38. a5 b4 39. cxb4 Kb5 40.
h5 gxh5 41. gxh5 Kxb4 42. Rh1 Rh6 43. Kf4 Kxa5 44. Ke5 Kb6 45. Kxd5 a5 46. Kc4
1/2-1/2

[Event "L'Echiquier Grenoblois - Maitres 2006"]
[Site "Grenoble"]
[Date "2006.??.??"]
[Round "3.3"]
[White "Rrhioua, Tarik"]
[Black "Foisor, Ovidiu Doru"]
[Result "0-1"]
[WhiteElo "2330"]
[BlackElo "2409"]
[PlyCount "48"]

1. Nf3 g6 2. g3 Bg7 3. Bg2 c5 4. O-O Nc6 5. d3 e5 6. Nc3 h6 7. e4 Nge7 8. Be3
d6 9. Qd2 f5 10. h4 Be6 11. a3 Qd7 12. b4 Nd4 13. Rfe1 Nxf3+ 14. Bxf3 f4 15.
gxf4 exf4 16. Bxf4 O-O 17. Nd5 Bxd5 18. exd5 g5 19. hxg5 hxg5 20. Bxg5 Rxf3 21.
Rxe7 Qg4+ 22. Kf1 Rh3 23. Rxg7+ Kxg7 24. Qc3+ Kg8 0-1

[Event "L'Echiquier Grenoblois - Maitres 2006"]
[Site "Grenoble"]
[Date "2006.??.??"]
[Round "3.4"]
[White "Aguettaz, Maxime"]
[Black "Olivier, Jean-Christophe"]
[Result "1/2-1/2"]
[WhiteElo "2327"]
[BlackElo "2389"]
[PlyCount "59"]

1. Nf3 Nf6 2. g3 b6 3. Bg2 Bb7 4. c4 e6 5. O-O Be7 6. Nc3 O-O 7. d4 Ne4 8. Bd2
d5 9. cxd5 exd5 10. Rc1 Nxd2 11. Nxd2 c6 12. a3 Nd7 13. b4 Re8 14. Qb3 Nf6 15.
Rfd1 Qd7 16. e4 dxe4 17. Ndxe4 Rad8 18. Nxf6+ Bxf6 19. d5 cxd5 20. Nxd5 Bxd5
21. Rxd5 Qe7 22. Rcd1 g6 23. Bf3 Rxd5 24. Qxd5 Rd8 25. Qxd8+ Qxd8 26. Rxd8+
Bxd8 27. Kf1 a5 28. bxa5 bxa5 29. Ke2 Be7 30. a4 1/2-1/2

[Event "L'Echiquier Grenoblois - Maitres 2006"]
[Site "Grenoble"]
[Date "2006.??.??"]
[Round "3.5"]
[White "Bijaoui, Manuel"]
[Black "Asanov, Timur"]
[Result "1-0"]
[WhiteElo "2344"]
[BlackElo "2381"]
[PlyCount "67"]

1. e4 c5 2. Nf3 d6 3. d4 cxd4 4. Nxd4 a6 5. c4 Nf6 6. Nc3 g6 7. Be2 Bg7 8. O-O
O-O 9. Be3 Bd7 10. Qd2 Nc6 11. f3 Rc8 12. Rac1 Re8 13. Rfd1 Qa5 14. Nb3 Qh5 15.
Nd5 Nxd5 16. cxd5 Ne5 17. Na5 b5 18. Re1 Rxc1 19. Rxc1 Nc4 20. Nxc4 bxc4 21.
Rxc4 Bb5 22. Rc2 f5 23. Bxb5 axb5 24. Bd4 Bh6 25. Qe2 Rf8 26. Rc7 Rf7 27. Rc8+
Rf8 28. Rxf8+ Bxf8 29. e5 Bg7 30. Qxb5 f4 31. Qe8+ Bf8 32. Qd7 Qh4 33. Qe6+ Kg7
34. exd6+ 1-0

[Event "L'Echiquier Grenoblois - Maitres 2006"]
[Site "Grenoble"]
[Date "2006.??.??"]
[Round "4.1"]
[White "Rodrigues, Emmanuel"]
[Black "Asanov, Timur"]
[Result "0-1"]
[WhiteElo "2141"]
[BlackElo "2381"]
[PlyCount "102"]

1. e4 c5 2. Nf3 d6 3. d4 cxd4 4. Nxd4 Nf6 5. Nc3 a6 6. Bg5 e6 7. f4 Nc6 8. e5
h6 9. Bh4 dxe5 10. Nxc6 Qxd1+ 11. Rxd1 bxc6 12. fxe5 Nd5 13. Ne4 Rb8 14. c4
Rxb2 15. cxd5 Bb4+ 16. Nd2 exd5 17. a3 Bc3 18. Be2 O-O 19. Be7 Re8 20. Bb4 Bxb4
21. axb4 Rxe5 22. Kf2 Rxb4 23. Nf3 Ree4 24. Rc1 Rb2 25. Rhe1 Bd7 26. Rc5 Kf8
27. Kf1 Ke7 28. Bxa6 Kd6 29. Rec1 g5 30. Bc8 Be8 31. h3 Ree2 32. Ne1 Rf2+ 33.
Kg1 Rfe2 34. Kf1 Red2 35. Kg1 f6 36. Bf5 Rf2 37. Bc8 h5 38. Bb7 Rfe2 39. Bxc6
Rxe1+ 40. Rxe1 Bxc6 41. Rec1 Bb5 42. R5c2 Rb4 43. Rf2 Ke5 44. Re1+ Re4 45.
Rxe4+ dxe4 46. Rb2 Bc4 47. Kf2 f5 48. Rb7 f4 49. h4 g4 50. Rh7 g3+ 51. Ke1 f3
0-1

[Event "L'Echiquier Grenoblois - Maitres 2006"]
[Site "Grenoble"]
[Date "2006.??.??"]
[Round "4.2"]
[White "Olivier, Jean-Christophe"]
[Black "Bijaoui, Manuel"]
[Result "0-1"]
[WhiteElo "2389"]
[BlackElo "2344"]
[PlyCount "122"]

1. e4 c5 2. Nf3 d6 3. d4 cxd4 4. Nxd4 Nf6 5. Nc3 a6 6. Be3 Ng4 7. Bg5 h6 8. Bc1
Nc6 9. Nb3 Nf6 10. Be2 e6 11. Be3 b5 12. a3 Bb7 13. O-O Be7 14. f4 O-O 15. Bf3
Rc8 16. Qe1 Nd7 17. Qf2 Bh4 18. g3 Be7 19. Rad1 Na5 20. Nxa5 Qxa5 21. Kh1 Qc7
22. Bd4 Bf6 23. Bxf6 Nxf6 24. Rd2 Rfd8 25. Rfd1 Qb8 26. Kg2 Rxc3 27. bxc3 Nxe4
28. Bxe4 Bxe4+ 29. Kg1 Qc7 30. Qd4 d5 31. Re1 Rc8 32. Re3 Qb7 33. g4 Rc4 34.
Qe5 Qb6 35. Rd4 f6 36. Qh5 Rxd4 37. cxd4 Qxd4 38. Kf2 Qd2+ 39. Re2 Qxf4+ 40.
Ke1 Qc1+ 41. Kf2 Qxa3 42. Qe8+ Kh7 43. Qxe6 Qf3+ 44. Ke1 Qc3+ 45. Kf2 Qd4+ 46.
Ke1 a5 47. Qa6 Qb4+ 48. Kf2 Qc5+ 49. Ke1 a4 50. Qa5 Bxc2 51. Kd2 d4 52. h4 Bb1
53. Re8 Qc2+ 54. Ke1 Qc1+ 55. Kf2 Bg6 56. Re7 Qf4+ 57. Ke1 Qxg4 58. Qxb5 Qxh4+
59. Kd2 Qf2+ 60. Re2 Qf4+ 61. Ke1 d3 0-1

[Event "L'Echiquier Grenoblois - Maitres 2006"]
[Site "Grenoble"]
[Date "2006.??.??"]
[Round "4.3"]
[White "Foisor, Ovidiu Doru"]
[Black "Aguettaz, Maxime"]
[Result "1-0"]
[WhiteElo "2409"]
[BlackElo "2327"]
[Annotator "ECHECS"]
[PlyCount "73"]

1. d4 Nf6 2. c4 g6 3. Nf3 Bg7 4. g3 O-O 5. Bg2 d6 6. O-O Nbd7 7. Nc3 e5 8. e4
c6 9. b3 exd4 10. Nxd4 Re8 11. h3 Nc5 12. Re1 a5 13. Rb1 13... d5 $6 14. exd5
Rxe1+ 15. Qxe1 Nxd5 16. cxd5 Bxd4 17. Be3 $1 $16 17... Bxe3 (17... Nd3 18. Qd2
Bxe3 19. Qxe3 Nb4 20. dxc6 Nxc6 21. Rd1 Qf8 22. Nd5 $16) 18. Qxe3 Qf8 19. dxc6
bxc6 (19... Bf5 $5 20. Rd1 Re8 21. Qd4 bxc6 22. Bxc6 Rc8 23. Bg2 Ne6 24. Qf6
24... Qg7 $16) 20. Bxc6 Bxh3 21. Bxa8 Qxa8 22. f3 Ne6 23. Kh2 Bf5 24. Rd1 h5
25. Nd5 $18 25... h4 (25... Qb8 26. Kg2 Kg7 27. Qc3+ Kh6 28. g4) 26. g4 Qb8+
27. f4 Bxg4 (27... Bc2 28. Rc1 Bd3 29. Rc8+) 28. Nf6+ Kg7 29. Nxg4 Nxf4 30.
Qd4+ Kh7 31. Qd6 Qxd6 32. Rxd6 f5 33. Ne3 Ne2 34. Ra6 f4 35. Ng4 g5 36. Rxa5
Kg6 37. Ne5+ 1-0

[Event "L'Echiquier Grenoblois - Maitres 2006"]
[Site "Grenoble"]
[Date "2006.??.??"]
[Round "4.4"]
[White "Foisor, Cristina Adela"]
[Black "Rrhioua, Tarik"]
[Result "0-1"]
[WhiteElo "2392"]
[BlackElo "2330"]
[PlyCount "98"]

1. c4 Nf6 2. g3 g6 3. Bg2 Bg7 4. Nc3 O-O 5. e4 d6 6. Nge2 c5 7. d3 Nc6 8. h3 a6
9. Be3 Rb8 10. a4 Ne8 11. Rb1 Nc7 12. d4 cxd4 13. Nxd4 Nxd4 14. Bxd4 b5 15.
Bxg7 Kxg7 16. cxb5 axb5 17. O-O b4 18. Nd5 Na6 19. h4 h5 20. b3 Bb7 21. Re1 e5
22. Rb2 Bxd5 23. Qxd5 Nc7 24. Qd1 Ne6 25. Rc2 Nd4 26. Rc4 Qb6 27. Re3 f5 28.
exf5 Rxf5 29. Qd2 Rf7 30. Kh1 Rc7 31. Rxc7+ Qxc7 32. Rd3 Qc5 33. f4 Rc8 34. Kh2
Qb6 35. Qe3 Qc5 36. Qe4 Rc7 37. fxe5 dxe5 38. g4 hxg4 39. Rg3 Qd6 40. Rxg4 Nc6
41. h5 Ne7 42. hxg6 Rc1 43. Qxb4 Rc5 44. Be4 Ng8 45. Rh4 Nf6 46. Qb7+ Rc7 47.
Qa8 Qd2+ 48. Bg2 e4 49. Qb8 Qd6+ 0-1

[Event "L'Echiquier Grenoblois - Maitres 2006"]
[Site "Grenoble"]
[Date "2006.??.??"]
[Round "4.5"]
[White "Vernay, Clovis"]
[Black "Delorme, Axel"]
[Result "1-0"]
[WhiteElo "2293"]
[BlackElo "2252"]
[PlyCount "110"]

1. d4 d5 2. c4 c6 3. Nf3 Nf6 4. Nc3 a6 5. c5 Nbd7 6. Bf4 Nh5 7. Be3 Nhf6 8. h3
b6 9. cxb6 e6 10. Bf4 Nxb6 11. e3 c5 12. Be2 Be7 13. Rc1 c4 14. Ne5 Bb7 15. O-O
O-O 16. b3 Rc8 17. Rb1 Ba8 18. Qc2 Nfd7 19. Nf3 Nf6 20. Nd2 Ba3 21. Rfd1 Qe7
22. Bg5 Bb4 23. bxc4 Nxc4 24. Bxc4 dxc4 25. Nde4 Bxc3 26. Nxc3 h6 27. Bxf6 Qxf6
28. Na4 Qg5 29. f4 Qf5 30. Qxf5 exf5 31. Nb6 Be4 32. Nxc8 Rxc8 33. Rb6 c3 34.
Rc1 c2 35. Kf2 Bd3 36. Ke1 a5 37. Kd2 Be4 38. g4 g5 39. fxg5 fxg4 40. hxg4 hxg5
41. Rb5 f6 42. Rxa5 Kf7 43. Rc5 Rh8 44. Rg1 Ra8 45. Ra1 Rh8 46. Rf1 Ra8 47. Ra1
Rh8 48. a4 Rh2+ 49. Kc3 Re2 50. a5 Rxe3+ 51. Kb2 Re2 52. a6 Rd2 53. Ra4 Rh2 54.
a7 Rh8 55. d5 Ra8 1-0

[Event "L'Echiquier Grenoblois - Maitres 2006"]
[Site "Grenoble"]
[Date "2006.??.??"]
[Round "5.1"]
[White "Delorme, Axel"]
[Black "Rodrigues, Emmanuel"]
[Result "1/2-1/2"]
[WhiteElo "2252"]
[BlackElo "2141"]
[PlyCount "61"]

1. e4 e5 2. Nf3 Nc6 3. d4 exd4 4. Nxd4 Bc5 5. Nxc6 bxc6 6. Bd3 d6 7. O-O Nf6 8.
h3 h6 9. Nc3 O-O 10. Kh1 Re8 11. f4 Bg4 12. Qe1 Bf5 13. e5 Bxd3 14. cxd3 Bd4
15. Qg3 dxe5 16. f5 Kh7 17. Qh4 Bxc3 18. bxc3 Qxd3 19. Bxh6 Qe4 20. Bf4+ Kg8
21. Rae1 Qc4 22. Bg5 Qxh4 23. Bxh4 Nd5 24. f6 g6 25. c4 Nb4 26. Re2 Rad8 27.
Be1 Nd3 28. Bc3 Re6 29. Kg1 c5 30. Re3 Rdd6 31. Rb1 1/2-1/2

[Event "L'Echiquier Grenoblois - Maitres 2006"]
[Site "Grenoble"]
[Date "2006.??.??"]
[Round "5.3"]
[White "Aguettaz, Maxime"]
[Black "Foisor, Cristina Adela"]
[Result "1-0"]
[WhiteElo "2327"]
[BlackElo "2392"]
[PlyCount "55"]

1. e4 e5 2. Nf3 Nc6 3. Bc4 Bc5 4. b4 Bxb4 5. c3 Be7 6. d4 d6 7. Qb3 Bf6 8.
Bxf7+ Kf8 9. Bxg8 Rxg8 10. dxe5 Nxe5 11. Nxe5 Bxe5 12. f4 Bf6 13. e5 Bh4+ 14.
g3 Be7 15. O-O Qe8 16. Be3 h5 17. Nd2 h4 18. Ne4 Rh8 19. f5 hxg3 20. f6 gxh2+
21. Kh1 Bd8 22. fxg7+ Kxg7 23. Rf2 Qe6 24. Raf1 Qxb3 25. Rg2+ Kh7 26. axb3 Re8
27. e6 d5 28. Rf5 1-0

[Event "L'Echiquier Grenoblois - Maitres 2006"]
[Site "Grenoble"]
[Date "2006.??.??"]
[Round "5.4"]
[White "Bijaoui, Manuel"]
[Black "Foisor, Ovidiu Doru"]
[Result "1/2-1/2"]
[WhiteElo "2344"]
[BlackElo "2409"]
[PlyCount "62"]

1. e4 e6 2. d4 d5 3. Nd2 dxe4 4. Nxe4 Bd7 5. Nf3 Bc6 6. Bd3 Nd7 7. O-O Ngf6 8.
Ned2 Be7 9. Nc4 Be4 10. Bxe4 Nxe4 11. d5 exd5 12. Qxd5 Ndc5 13. Qf5 g6 14. Qe5
f6 15. Qf4 Qd5 16. Ne3 Qd6 17. Qxd6 Bxd6 18. Nc4 O-O-O 19. Be3 Rhe8 20. Rad1
Bf8 21. Rxd8+ Rxd8 22. Nd4 Re8 23. Re1 a6 24. f3 Nd6 25. Nxd6+ Bxd6 26. b3 Kd7
27. Kf2 f5 28. h3 Ne6 29. Nxe6 Rxe6 30. Bd2 Bc5+ 31. Kf1 Rxe1+ 1/2-1/2

[Event "L'Echiquier Grenoblois - Maitres 2006"]
[Site "Grenoble"]
[Date "2006.??.??"]
[Round "5.5"]
[White "Asanov, Timur"]
[Black "Olivier, Jean-Christophe"]
[Result "1-0"]
[WhiteElo "2381"]
[BlackElo "2389"]
[Annotator "T. Asanov"]
[PlyCount "77"]

1. e4 e5 2. Nf3 Nc6 3. Bb5 a6 4. Ba4 d6 5. d4 b5 6. Bb3 Nxd4 7. Nxd4 exd4 8. a4
$5 8... Rb8 $6 (8... Bb7 9. axb5 axb5 10. Rxa8 Qxa8 11. Qh5 d5 12. exd5 $14) (
8... Bd7 9. axb5 9... axb5 $4 (9... Bxb5 $14) 10. Qh5 g6 11. Qd5 $18) (8... c5
9. axb5 9... Nf6 $14) 9. axb5 axb5 10. c3 $1 $14 10... dxc3 11. Nxc3 Be6 12.
O-O Nf6 13. Bxe6 fxe6 14. Qb3 Qc8 15. e5 dxe5 16. Re1 b4 17. Ne4 (17. Rxe5 $4
17... bxc3 18. Rxe6+ Be7 19. Qc4 19... Qd7 $19) 17... Nxe4 18. Rxe4 Bd6 19. Qf3
(19. f4 O-O 20. fxe5 Bc5+ 21. Be3 Bxe3+ 22. Rxe3 $36) 19... Qd7 20. b3 Qf7 21.
Qe2 O-O 22. Bb2 Ra8 23. Rc1 Ra5 24. Rc2 Rfa8 25. g3 Qf5 26. Kg2 Rd5 27. h3 h6
28. Qe3 Raa5 29. g4 Qg6 30. Re2 h5 31. Qg3 hxg4 32. Rxg4 Qf7 33. Ree4 Bf8 34.
Bxe5 Qd7 35. h4 Rd3 36. Qf4 Qf7 37. Qxf7+ Kxf7 38. Bxc7 Rxb3 (38... Rf5 39. Rg3
$11) 39. Bxa5 1-0

[Event "L'Echiquier Grenoblois - Maitres 2006"]
[Site "Grenoble"]
[Date "2006.??.??"]
[Round "6.1"]
[White "Rodrigues, Emmanuel"]
[Black "Olivier, Jean-Christophe"]
[Result "0-1"]
[WhiteElo "2141"]
[BlackElo "2389"]
[PlyCount "70"]

1. e4 c5 2. Nf3 e6 3. d4 cxd4 4. Nxd4 Nc6 5. Nc3 a6 6. Be3 Nf6 7. Bd3 d5 8.
exd5 exd5 9. h3 Bd6 10. O-O O-O 11. Re1 Re8 12. Nf3 h6 13. a3 Bd7 14. Ne2 Qc7
15. Qc1 Ne4 16. c3 Na5 17. Bc2 Nc4 18. Bd4 Re7 19. b3 Na5 20. Nd2 Ng5 21. Nf1
Bxh3 22. f4 Qd7 23. Nfg3 Qg4 24. Bf5 Qh4 25. Rb1 Rxe2 26. Rxe2 Qxg3 27. Qe3
Qxe3+ 28. Rxe3 Bxf5 29. Rb2 Bxf4 30. Re1 Be4 31. c4 dxc4 32. bxc4 Nxc4 33. Rf2
Bg3 34. Rfe2 Bxe1 35. Rxe1 Nxa3 0-1

[Event "L'Echiquier Grenoblois - Maitres 2006"]
[Site "Grenoble"]
[Date "2006.??.??"]
[Round "6.2"]
[White "Foisor, Ovidiu Doru"]
[Black "Asanov, Timur"]
[Result "1/2-1/2"]
[WhiteElo "2409"]
[BlackElo "2381"]
[PlyCount "65"]

1. d4 Nf6 2. c4 e6 3. Nc3 Bb4 4. Qc2 c5 5. dxc5 Bxc5 6. Nf3 O-O 7. Bg5 Be7 8.
Rd1 d6 9. e4 Nbd7 10. a3 Qc7 11. Be2 h6 12. Bf4 a6 13. O-O b6 14. Rd2 Bb7 15.
Rfd1 Ne5 16. Nxe5 dxe5 17. Bg3 Rfd8 18. b4 Rxd2 19. Rxd2 a5 20. Qb1 Bc6 21. f3
Be8 22. Bf2 Nd7 23. Nb5 Qc6 24. Qb3 Nb8 25. Rd1 Na6 26. Be1 Nc7 27. Nc3 axb4
28. axb4 Na6 29. Nb5 Rd8 30. Rxd8 Bxd8 31. Qa3 Nc7 32. Nxc7 Bxc7 33. Bf2
1/2-1/2